| 000 | 00635nam a2200241 a 4500 | ||
|---|---|---|---|
| 001 | nice12345678 | ||
| 003 | IN_TiNIC | ||
| 005 | 20260116013513.0 | ||
| 008 | 050524s1983 dela grp 000 0 eng | ||
| 020 |
_a _c150 |
||
| 082 | 0 | 0 |
_a294.39 _bHAZ1 |
| 100 | _aHazra, Kanai Lal | ||
| 245 | _aBuddhism in India as Described By the Chinese Pilgrims Ad 399-689 | ||
| 260 |
_aDelhi _bMunshiram Manoharlal Pub _c1983 |
||
| 300 | _a125p | ||
| 500 | _aincludes index and biblioraphy | ||
| 505 | 2 | _aBibliography, Index | |
| 650 | _aBuddhism-India | ||
| 700 | 1 | _aHazra, Kanai Lal | |
| 902 | _bSRS | ||
| 942 | _cBK | ||
| 999 |
_c11241 _d11241 |
||